000 00472nam a2200181Ia 4500
001 19865
005 20260306172724.0
008 260306t2020||||xx |||||||||||||| ||spa||
041 _aESP
082 _a341.2
_bT35A
100 _aTello Gilardi, Janet,
_eAUT
245 0 _aReglas de Brasilia :
_bjusticia que protege a las poblaciones vulnerables
260 _c2020
300 _a315 páginas :
_c24 cm.
650 _aGEN
654 _aCDE
942 _cLIB
_dJUS
_fJUS
_2ddc
_n
999 _c19865
_d19865